000 00662nam a2200241 a 4500
005 20210219153532.0
008 991125n 000 0 u
035 _aUPN01000105205
100 _aOlswang, Lesley B.
222 _aLANGUAGE, SPEECH, AND HEARING SERVICE IN SCHOOLS
245 _aWhen to recommend intervention
300 _a255-263
362 _a22, No. 4, 1991
505 _aJunio 1992
653 0 _aCOLECCION DE DATOS
653 0 _aDESVENTAJAS EN EL LENGUAJE
653 0 _aEVALUACION DEL ESTUDIANTE
653 0 _aINTERVENCION
653 0 _aTNER DECISION
700 _aBain, Barbara A.
904 _aAC
_b043016
905 _aArticulo
999 _c79331
_d79331